Bilecik Bilecik Bilecik Bilecik Bilecik

Osmanlı-İngiliz iktisadi münasebetleri I : (Record no. 2223)

MARC details
000 -BAŞLIK
Sabit Uzunluktaki Kontrol Alanı 01370nam a22003737a 4500
001 - KONTROL NUMARASI
Control Dosyası 0002236
003 - KONTROL NUMARASI KİMLİĞİ
Kontrol Alanı KOHA_MİRAKIL
005 - EN SON İŞLEM TARİHİ ve ZAMANI
Kontrol Alanı 20260207001308.0
007 - FİZİKSEL TANIM SABİT ALAN - GENEL BİLGİ
Sabit uzunluklu kontrol alanı ta
008 - SABİT UZUNLUKTAKİ VERİ ÖGELERİ - GENEL BİLGİ
Sabit Alan 090223b1974 tu |||gr||||#||||0|tur |
020 ## - ISBN - ULUSLARARASI STANDART KİTAP NUMARASI
Kullanılabilirlik koşulları TL0,01
040 ## - KATALOGLAMA KAYNAĞI
Özgün Kataloglama Kurumu TR-BiSEU
Kataloglama Dili tur
Çeviri Kurumu TR-BiSEU
Açıklama Kuralları rda
041 0# - DİL KODU
Metin ya da ses kaydının dil kodu tur
044 ## - YAYINLAYAN/ÜRETEN KURULUŞUN ÜLKE KODU
ISO country code tu
050 ## - SINIFLAMA ve YER NUMARASI
Sınıflama Numarası HF3077
Yer Numarası .K88 1974
100 1# - KİŞİ ADI
Yazar Adı (Kişi adı) Kütükoğlu, Mübahat S..
245 1# - ESER ADI BİLDİRİMİ
Başlık Osmanlı-İngiliz iktisadi münasebetleri I :
Alt Eseradı vb. (1580-1838)/
Sorumluluk Bildirimi Mübahat S. Kütükoğlu ; Mübahat S. Kütükoğlu.
264 #1 - ÜRERİM, YAYIN, DAĞITIM ve TELİF BİLDİRİMİ
Yayın yeri Ankara :
Yayınlayan Türk Kültürünü Araştırma Enstitüsü
Yayın tarihi 1974
300 ## - FİZİKSEL TANIMLAMA
Sayfa, Cilt vb. 150 sayfa; 1 c.
336 ## - İÇERİK TÜRÜ
Content type term metin
Content type code txt
Source rdacontent
337 ## - MEDYA TÜRÜ
Media type term aracısız
Media type code n
Source rdamedia
338 ## - TAŞIYICI TÜRÜ
Carrier type term cilt
Carrier type code nc
Source rdacarrier
490 1# - DİZİ BİLDİRİMİ
Dizi Bildirimi Türk Kültürünü Araştırma Enstitüsü yayınları ;
Cilt Numarası 42) (İstanbul Üniversitesi.
490 1# - DİZİ BİLDİRİMİ
Dizi Bildirimi Edebiyat Fakültesi yayınları ;
Cilt Numarası no.
490 1# - DİZİ BİLDİRİMİ
Dizi Bildirimi 1997)
500 ## - GENEL NOT
Genel Not 1. c.: Tez (doktora)-İstanbul Üniversitesi, 1963 ; 2. c: Tez (docenlik)
500 ## - GENEL NOT
Genel Not Kaynakça var.
650 #0 - KONU BAŞLIĞI EK GİRİŞ - KONU TERİMİ
Konusal terim veya coğrafi ad Türkiye Ticaret İngiltere.
9 (RLIN) 6618
650 #0 - KONU BAŞLIĞI EK GİRİŞ - KONU TERİMİ
Konusal terim veya coğrafi ad İngiltere Ticaret Türkiye.
9 (RLIN) 6619
830 1# - SERİ EK GİRİŞİ - TEKBİÇİM ESER ADI
Tekbiçim Başlık Türk Kültürünü Araştırma Enstitüsü yayınları ;
Volume number/sequential designation 42) (İstanbul Üniversitesi.
9 (RLIN) 6620
830 1# - SERİ EK GİRİŞİ - TEKBİÇİM ESER ADI
Tekbiçim Başlık Edebiyat Fakültesi yayınları ;
Volume number/sequential designation no.
9 (RLIN) 6621
830 1# - SERİ EK GİRİŞİ - TEKBİÇİM ESER ADI
Tekbiçim Başlık 1997)
9 (RLIN) 6622
942 ## - EK GİRİŞ ÖGELERİ (KOHA)
Source of classification or shelving scheme Library of Congress Classification
Koha item type Book
Holdings
Materyal Türü Kalıcı Konum Mevcut Konum Raf Yeri Sınıflandırma Kaynağı Edinim Bilgisi Ana Konular Alt Konular Yer Numarası Cilt Bilgisi Demirbaş Numarası Fatura Tarihi Geri Çekilme Durumu Kayıp Durumu Hasarlı Durumu Kredi için değil Kayıt Tarih Toplam Ödünçverme Son Görülme Tarihi Son Kontrol Tarihi Genel / Bağış Notu
Book Prof. Dr. Azmi Özcan Kütüphanesi Prof. Dr. Azmi Özcan Kütüphanesi Uluğbey Salonu Library of Congress Classification Bağış SOSYAL BİLİMLER Ticaret HF3077 .K88 1974 c.1 0002236 13/08/2010         23/02/2009   05/12/2024 05/12/2024 Genel Bağış